000 00787nam a22002537a 4500
005 20170124110244.0
010 _aB-227751
020 _c480.00
_a8171771610
035 _aB-227751
037 _bCen Lib/Ret
040 _aDPL
_bEN
082 _a346.54057
_bMIR
100 _aMitra, B. B
_996643
245 _aThe Indian succession act /
_bby B. B Mitra [and] S. A. Kader
250 _a14th ed
260 _aCalcutta
_bEastern Law House
_c2006
270 _a54 Ganesh Chunder Avenue
_bCalcutta
_e700013
300 _a727p.
_c25cm(hb)
500 _aIncludes index
650 _aIndia. -- Indian Succession Act, 1925.
_996644
650 _aInheritance and succession -- India.
_939502
700 _aKader, S. A.
_915613
942 _2ddc
_cEN
_h346.54057
_mMIT
999 _c135384
_d135384